01456nam a2200193Ia 4500001001300000003001000013008004100023040002500064041000700089100003100096245012500127250001100252260003300263300001200296500082500308650006501133700003301198700003101231b7045-51127 IT-MiCISF161014s9999||||xx |||||||||||||| ||und|| aIT-MiCISFcIT-MiCISF ait aGiordano Marco (a cura di) 2aA Babele non si parla di affidobCostruzione e gestione dei progetti individualizzati di affidamento familiare di minori a1a ed. a MilanobFranco Angelic2011 app. 255 aAssociazione Progetto Famiglia in collaborazione con Fondazione Affido e Gesco; Con il patrocinio dell'Ordine nazionale degli assistenti sociali. # Carotenuto E., Giordano M., Russo F., Spinosa L., Terragano M., Artiaco D., Cuccurullo P., Izzo G., Memoli C., Volpe D. / affido, operatori-sociali, servizi-sociali, famiglia-affidataria, esperienze / E' possibile promuovere un linguaggio condiviso tra i diversi attori implicati nei percorsi di affido familiare? Partendo da riflessioni generali sul senso della protezione e dell'allontanamento, il testo propone agli operatori un modello di presa in carico incentrato sulla valorizzazione della complementarietà€ degli approcci, per poter pensare-progettare-fare-valutare quanto si mette in atto in favore di minori che necessitano di esperienze familiari integrative.  a Genitorialità€ e problemi educativi / adozione-affidoe004 aIavarone Mariano (a cura di) aRossi Carolina (a cura di)